Catalog

Record Details

Catalog Search



Pius XII. a třetí říše / Saul Friedländer ; [z franc. orig. přel. Jan Stehlík]

Record details

  • Physical Description: 201 s.
  • Edition: 1. vyd.
  • Publisher: Praha : Svoboda, 1967

Content descriptions

General Note:
historie

Available copies

  • 1 of 1 copy available at Common Catalog SPOK.

Holds

  • 0 current holds with 1 total copy.
Show Only Available Copies
Location Call Number / Copy Notes Barcode Shelving Location Status Due Date
Terezin Initiative Institute 2634 4594302634 Knihovna ITI Available -

LDR 00952nam a2200301ua 4500
00126350
003CZ-PrJAB
00520220825093137.0
008980923s1967 xr gr u||| 0 cze
015 . ‡acnb000492506
035 . ‡a(CONS)1161
035 . ‡a(CZ PrSKC)000125090
035 . ‡a(OCoLC)34278358
040 . ‡aCBD005 ‡bcze
1001 . ‡aFriedländer, Saul, ‡d1932- ‡7jn20000601642 ‡4aut
24510. ‡aPius XII. a třetí říše / ‡cSaul Friedländer ; [z franc. orig. přel. Jan Stehlík]
250 . ‡a1. vyd.
260 . ‡aPraha : ‡bSvoboda, ‡c1967
300 . ‡a201 s.
500 . ‡ahistorie
7001 . ‡aStehlík, Jan, ‡d1927- ‡7jk01121001 ‡4trl
8524 . ‡bJACH-ITI ‡bJACH-ITI ‡cKnihovna ITI ‡j2634 ‡p2634 ‡y$0.00
910 . ‡aABE340 ‡b2634
995 . ‡askok
901 . ‡a26350 ‡bSystem ‡c26350 ‡tbiblio

Additional Resources